000 00363nam a2200145Ia 4500
008 230917s9999||||xx |||||||||||||| ||und||
040 _e151527
_aMAIN
041 _aEnglish
082 _a297.4382 F76E
100 _aKhan, Masood Ali
245 0 _aEarly Sufi literature
260 _aNew Delhi
_bAnmol Publications
_c2003
300 _avii, 364 p.
942 _cBK
999 _c122568
_d122568